000 00704nam a22001811cc4500
001 a987675795+Tom1
035 _aa987675795
008 170707s2010 gw |||| 000u rus d
020 _a9785824313048
_9978-5-8243-1304-8
245 0 0 _aNacionalizm v pozdne- i postkommunističeskoj Evrope
_nTom 1
_pNeudavšijsja nacionalizm mnogonacional'nych i častičnych nacional'nych gosudarstv
264 _aMoskva :
_bROSSPEN,
_c2010
300 _a431 S.
246 1 2 _aNacionalizm v pozdne- i postkommunističeskoj Evrope. Neudavšijsja nacionalizm mnogonacional'nych i častičnych nacional'nych gosudarstv
_nTom 1
773 0 8 _wa987675795
_qTom1
942 _cMG
040 _cRU-10907106
003 RU-10907106
999 _c45486
_d45486